Práctica de las relaciones públicas
Salvato in:
| Ente Autore: | |
|---|---|
| Natura: | Libro |
| Lingua: | spagnolo |
| Pubblicazione: |
Barcelona
Omega
1963
|
| Soggetti: | |
| Tags: |
Aggiungi Tag
Nessun Tag, puoi essere il primo ad aggiungerne!!
|
MARC
| LEADER | 00000nam a2200000 a 4500 | ||
|---|---|---|---|
| 001 | UCP9144 | ||
| 003 | CL-VaPUC | ||
| 008 | 000317e19630000SP |||||||||||||||||spa|d | ||
| 082 | 0 | 4 | |a 659.2 |b INS |2 21 |
| 110 | 2 | |a The Institute of Publc Relations |e author |9 439537 | |
| 245 | 1 | 0 | |a Práctica de las relaciones públicas |
| 300 | |a 268 p | ||
| 942 | |c BK | ||
| 945 | |d 20000317 00:00:00 |a vberengu | ||
| 260 | |a Barcelona |b Omega |c 1963 | ||
| 650 | 7 | |a COMUNICACION DE MASAS |2 CL-VaPUC |9 334823 | |
| 650 | 0 | |a Medios de comunicación de masas |9 257273 | |
| 650 | 0 | |a Opinión pública |9 255512 | |
| 650 | 0 | |a Proceso de comunicación |9 332060 | |
| 650 | 0 | |a Relaciones públicas |9 331772 | |
| 583 | |a last modification |c 20000317 00:00:00 |k Rodrigo Vera | ||
| 999 | |c 285990 |d 285988 | ||
| 952 | |0 0 |1 0 |4 0 |6 659_200000000000000_INS_1963 |7 0 |8 P |9 330961 |a BIBDER |b BIBDER |d 2019-11-20 |i 3593703 |o 659.2 INS 1963 |p 3593703 |r 2023-01-25 |w 2019-11-20 |y BK |k DER | ||